Guess the 1970s song lyrics #73 - Statistics

General Stats
  • This quiz has been taken 22 times
  • The average score is 196 of 277
Answer Stats
Answer % Correct
love
100%
Love
100%
a
94%
I
94%
the
94%
The
94%
in
89%
me
89%
my
89%
My
89%
to
89%
you
89%
You
89%
And
78%
and
78%
it
78%
of
78%
feel
72%
for
72%
got
72%
like
72%
see
72%
That
72%
that
72%
will
72%
best
67%
give
67%
make
67%
so
67%
Want
67%
way
67%
baby
61%
no
61%
oh
61%
Oh
61%
out
61%
world
61%
You're
61%
about
56%
all
56%
but
56%
has
56%
it's
56%
wide
56%
with
56%
You've
56%
can't
50%
day
50%
Doesn't
50%
Going
50%
happy
50%
life
50%
take
50%
Whoa
50%
whoa
50%
whole
50%
yeah
50%
affection
44%
much
44%
our
44%
sweet
44%
every
39%
heart
39%
love's
39%
come
33%
need
33%
Never
33%
never
33%
smile
33%
around
28%
Cause
28%
giving
28%
beautiful
22%
better
22%
changes
22%
discouraged
22%
openly
22%
Demonstrating
17%
each
17%
explain
17%
glee
17%
kind
17%
growing
11%
kissed
11%
meaning
11%
mystery
11%
No matching quizzes found
Score Distribution
Percent of People with Each Score
Percentile by Number Answered
Your Score History
You have not taken this quiz